| 000 | 00423cam a22001097a 4500 | ||
|---|---|---|---|
| 008 | 180718b xxu||||| |||| 00| 0 eng d | ||
| 082 | _aR6x5442 B639e | ||
| 245 |
_aReport on an enquiry into the conditions of labour in the cinema industry in Bombay State _cby Ministry of Information and Broadcasting |
||
| 260 |
_aBombay _bGovernment of Bombay _c |
||
| 300 | _a90p | ||
| 700 | _aMaharashtra. Ministry of Information and Broadcasting | ||
| 999 |
_c496151 _d496151 |
||